Footballeurs uruguayens (par images). - Statistiques

Statistiques générales
  • Ce quiz a été pris 184 fois
  • Le résultat moyen est 8 sur 16
Statistiques - réponses
Par images Réponse % Correct
Edinson Cavani
100%
Luis Suárez
98%
Diego Forlán
92%
Federico Valverde
92%
Diego Godín
87%
Ronald Araújo
82%
Fernando Muslera
72%
Martín Cáceres
51%
Diego Lugano
31%
Cristian Rodríguez
24%
Enzo Francescoli
24%
Álvaro Recoba
18%
Maxi Pereira
11%
Juan Alberto Schiaffino
4%
José Andrade
3%
Héctor Scarone
2%
Aucun quiz correspondant
Distribution des résultats
% des personnes avec chaque résultat
Percentile par nombre de réponses
Votre historique - résultats
Vous n’avez pas pris ce quiz